Internal combustion engines and air pollution (Record no. 4453)

000 -LEADER
fixed length control field 00551nam a22001937a 4500
001 - CONTROL NUMBER
control field 4453
003 - CONTROL NUMBER IDENTIFIER
control field BD-DhUET
008 - FIXED-LENGTH DATA ELEMENTS--GENERAL INFORMATION
fixed length control field 141116b xxu||||| |||| 00| 0 eng d
020 ## - INTERNATIONAL STANDARD BOOK NUMBER
International Standard Book Number 0352045600
040 ## - CATALOGING SOURCE
Transcribing agency 0
Modifying agency BD-DhUET
082 ## - DEWEY DECIMAL CLASSIFICATION NUMBER
Classification number 621.43
Item number OBE/1973
100 ## - MAIN ENTRY--PERSONAL NAME
Personal name Obert, Edward F.
245 ## - TITLE STATEMENT
Title Internal combustion engines and air pollution
Remainder of title based on internal combustion engines
250 ## - EDITION STATEMENT
Edition statement 3rd ed.
260 ## - PUBLICATION, DISTRIBUTION, ETC. (IMPRINT)
Place of publication, distribution, etc. New York
Name of publisher, distributor, etc. Intext Educational Publishers
Date of publication, distribution, etc. 1973
300 ## - PHYSICAL DESCRIPTION
Extent xiii, 740 p.
Other physical details ill.
650 #0 - SUBJECT ADDED ENTRY--TOPICAL TERM
Topical term or geographic name as entry element Internal combustion engines
942 ## - ADDED ENTRY ELEMENTS (KOHA)
Koha item type General Book
Holdings
Source of classification or shelving scheme Lost status Copy number Location (home branch) Koha date last borrowed Sublocation or collection (holding branch) Date acquired Shelving location Piece designation (barcode) Damaged status Koha full call number Price effective from Koha issues (times borrowed) Withdrawn status Koha normalized classification for sorting Koha item type Koha date last seen Not for loan
   Central Library, BUET2014-11-16Central Library, BUET2014-11-16Circulation section42113 621.43/OBE/19732014-11-161 621_000000000000000_43OBE1973General Book2015-10-12 
  2Central Library, BUET2018-02-03Central Library, BUET2015-04-13Circulation section42111 621.43/OBE/19732015-04-133 621_430000000000000_OBE_1973General Book2018-02-17 
  3Central Library, BUET Central Library, BUET2015-06-16Reading section42105 621.43/OBE/19732015-06-16  621_430000000000000_OBE_1973Reading Item2015-06-16 
  4Central Library, BUET Central Library, BUET2015-06-30Reading section48959 621.43/OBE/19732015-06-30  621_430000000000000_OBE_1973Reading Item2015-06-30 
  5Central Library, BUET Central Library, BUET2015-07-02Reading section42108 621.43/OBE/19732015-07-02  621_430000000000000_OBE_1973Reading Item2015-07-02 
  6Central Library, BUET Central Library, BUET2015-07-04Reading section48939 621.43/OBE/19732015-07-04  621_430000000000000_OBE_1973Reading Item2015-07-04